Thiết kế bài giảng tự nhiên và xã hội 3

Đã lưu trong:
書目詳細資料
主要作者: Nguyễn Trại
格式: 圖書
語言:Vietnamese
出版: H. Nxb. Hà Nội 2007
版:Tái bản có chỉnh lí theo hướng dẫn điều chỉnh việc dạy và học cho học sinh tiểu học
標簽: 添加標簽
沒有標簽, 成為第一個標記此記錄!
Thư viện lưu trữ: Mạng thư viện Đại học Đà Nẵng
LEADER 01151aam a22002898a 4500
001 000016352
003 12754
005 20120928140955.0
008 120928s2007 viesd
041 0 |a vie 
082 1 4 |2 14  |a 372.3  |b NG-T 
100 1 |a Nguyễn Trại 
245 1 0 |a Thiết kế bài giảng tự nhiên và xã hội 3  |c Nguyễn Trại (ch.b.), Đinh Trang Thu, Nguyễn Cẩm Hường 
250 |a Tái bản có chỉnh lí theo hướng dẫn điều chỉnh việc dạy và học cho học sinh tiểu học 
260 |a H.  |b Nxb. Hà Nội  |c 2007 
300 |c 24cm 
774 |a Nguyễn Trại  |b Tái bản có chỉnh lí theo hướng dẫn điều chỉnh việc dạy và học cho học sinh tiểu học  |d H.  |d Nxb. Hà Nội  |d 2012  |g T.2  |h 151tr.  |w 489576 
774 |a Nguyễn Trại  |d Nxb. Hà Nội  |d H.  |d 2007  |g T.1  |h 167tr.  |w 12755 
774 |a Nguyễn Trại  |d Nxb. Hà Nội  |d H.  |d 2007  |g T.2  |h 151tr.  |w 12757 
OWN |a LSP 
999 |a From the UDN01 
TYP |a Monograph 
TYP |a Printed language 
980 |a Mạng thư viện Đại học Đà Nẵng